| 000 | 00553cas a22002175a 4500 | ||
|---|---|---|---|
| 001 | ##L183 | ||
| 008 | 070726c1961 xxkmr p 0 a0eng | ||
| 022 | 1 | _a0048-6817 | |
| 035 | _a(Sirsi) u99324 | ||
| 041 | 0 | _aeng | |
| 240 | 0 | 0 | _aRVR |
| 245 | 0 | 0 | _aRating and Valuation Reporter |
| 260 |
_aWoking _bRating Publishers _c1961- |
||
| 362 | 0 | _a1(1) 5 January 1961- | |
| 554 | _a12 per year | ||
| 651 | 4 |
_aEngland and Wales _y1543- |
|
| 690 | _aPROPERTY-PROPERTY TAXATION | ||
| 780 | 0 | 0 | _tRating and Income Tax |
| 942 | _n0 | ||
| 948 | _c30/03/1998 | ||
| 999 |
_c118690 _d118690 |
||